[Event "Mittelfranken-chTB2a 1718"]
[Site "Mittelfranken"]
[Date "2017.10.08"]
[Round "1.1"]
[White "Wieczorek, Heinz"]
[Black "Pfitzinger, Leonhard"]
[Result "1/2-1/2"]
[WhiteElo "1719"]
[BlackElo "1894"]
[PlyCount "182"]
[EventDate "2017.10.08"]
[EventType "team-tourn"]
[EventRounds "9"]
[EventCountry "GER"]
[SourceTitle "EXT 2022"]
[Source "ChessBase"]
[SourceDate "2021.10.06"]
[SourceVersion "1"]
[SourceVersionDate "2021.10.06"]
[SourceQuality "1"]
[WhiteTeam "Nuernberg Sued SW IV"]
[BlackTeam "Bad Windsheim/Ansbach"]
[WhiteTeamCountry "GER"]
[BlackTeamCountry "GER"]

1. e4 e5 2. Nf3 Nc6 3. Bb5 a6 4. Ba4 d6 5. Bxc6+ bxc6 6. d4 exd4 7. Nxd4 c5 8. Ne2 Ne7 9. 0-0 Nc6 10. Nbc3 g6 11. Ng3 Bg7 12. Nd5 Rb8 13. c3 0-0 14. Qc2 h5 15. Ne2 Ne7 16. Bg5 f6 17. Be3 Nxd5 18. exd5 Bf5 19. Qd2 g5 20. f4 g4 21. Ng3 Bg6 22. f5 Bf7 23. Rae1 Re8 24. Ne2 Re5 25. c4 Qd7 26. Bf4 Re7 27. b3 Rbe8 28. Bg3 Kh7 29. Nc3 Bh6 30. Rxe7 Qxe7 31. Bf4 Bxf4 32. Qxf4 Qe3+ 33. Qxe3 Rxe3 34. Nd1 Re5 35. Nb2 Kh6 36. Nd3 Re2 37. Nf4 Rxa2 38. Ne6 Rb2 39. Nxc7 Rxb3 40. Ra1 Rb7 41. Ne6 Ra7 42. Kf2 a5 43. Ke3 a4 44. Ra3 Be8 45. g3 Rb7 46. Ra2 Rb3+ 47. Kd2 Rf3 48. Kc1 Rxf5 49. Nc7 Bd7 50. Nb5 Rf1+ 51. Kb2 Rf3 52. Nxd6 Rb3+ 53. Kc1 f5 54. Re2 a3 55. Rd2 Kg6 56. Ra2 Ba4 57. Nb5 h4 58. d6 Rd3 59. Rxa3 Rxa3 60. Nxa3 hxg3 61. hxg3 Kf6 62. Kd2 Ke5 63. Ke3 Kxd6 64. Kf4 Ke6 65. Nb1 Bc2 66. Nd2 Kd6 67. Nf1 Bd3 68. Nd2 Kc6 69. Ke3 Bc2 70. Nf1 Kb6 71. Kd2 Be4 72. Ne3 Kc6 73. Nd1 f4 74. gxf4 g3 75. Ke3 g2 76. Kf2 Kd6 77. Ne3 Ke6 78. Nxg2 Kf5 79. Ne3+ Kxf4 80. Ke2 Ke5 81. Kd2 Kd4 82. Nd1 Kxc4 83. Nc3 Bc6 84. Kc2 Kd4 85. Ne2+ Ke3 86. Nc3 c4 87. Nd1+ Kd4 88. Nf2 Ba4+ 89. Kc1 Bd7 90. Nd1 Bg4 91. Nb2 c3 1/2-1/2

[Event "Mittelfranken-chTB2a 1617"]
[Site "Mittelfranken"]
[Date "2017.03.05"]
[Round "7.1"]
[White "Pfitzinger, Leonhard"]
[Black "Bildt, Thomas"]
[Result "1-0"]
[WhiteElo "1894"]
[BlackElo "1900"]
[PlyCount "93"]
[EventDate "2016.10.23"]
[EventType "team-tourn"]
[EventRounds "9"]
[EventCountry "GER"]
[SourceTitle "EXT 2022"]
[Source "ChessBase"]
[SourceDate "2021.10.06"]
[SourceVersion "1"]
[SourceVersionDate "2021.10.06"]
[SourceQuality "1"]
[WhiteTeam "Bad Windsheim/Ansbach"]
[BlackTeam "Zirndorf II"]
[WhiteTeamCountry "GER"]
[BlackTeamCountry "GER"]

1. d4 d5 2. Nf3 Nf6 3. c4 c6 4. e3 Bg4 5. Qb3 Qb6 6. Nc3 e6 7. Bd2 Nbd7 8. cxd5 Qxb3 9. axb3 exd5 10. Be2 Bd6 11. h3 Bf5 12. Rc1 h6 13. 0-0 Ne4 14. Nxe4 dxe4 15. Nh4 Be6 16. Bc4 Ke7 17. Bxe6 Kxe6 18. g3 f5 19. Ng6 Rhc8 20. f4 exf3 21. Rxf3 Nf8 22. Nh4 g6 23. g4 fxg4 24. hxg4 Be7 25. Ng2 Bg5 26. Nf4+ Bxf4 27. Rxf4 Nd7 28. Re4+ Kd5 29. Re7 Kd6 30. Rg7 Rg8 31. Bb4+ Kc7 32. Rf7 Rae8 33. Kf2 Re4 34. Rh1 Rh8 35. Kf3 Re6 36. g5 h5 37. e4 Rhe8 38. e5 Kc8 39. Bd6 Rxd6 40. exd6 Re6 41. Rg7 Rxd6 42. Re1 h4 43. Re4 c5 44. dxc5 Rd5 45. Kg4 Rxc5 46. Kxh4 Rc6 47. Rc4 1-0

[Event "Mittelfranken-chTB2a 1617"]
[Site "Mittelfranken"]
[Date "2017.01.22"]
[Round "5.1"]
[White "Pfitzinger, Leonhard"]
[Black "Neusser, Hans"]
[Result "1-0"]
[WhiteElo "1894"]
[BlackElo "1699"]
[PlyCount "65"]
[EventDate "2016.10.23"]
[EventType "team-tourn"]
[EventRounds "9"]
[EventCountry "GER"]
[SourceTitle "EXT 2022"]
[Source "ChessBase"]
[SourceDate "2021.10.06"]
[SourceVersion "1"]
[SourceVersionDate "2021.10.06"]
[SourceQuality "1"]
[WhiteTeam "Bad Windsheim/Ansbach"]
[BlackTeam "Dombuehl"]
[WhiteTeamCountry "GER"]
[BlackTeamCountry "GER"]

1. d4 d5 2. Nf3 Nf6 3. e3 c6 4. c4 e6 5. a3 Nbd7 6. Nc3 Be7 7. Qc2 Qc7 8. b3 0-0 9. Bb2 Qa5 10. Bd3 dxc4 11. Bxc4 Qh5 12. Be2 Qa5 13. 0-0 Nd5 14. Rfd1 Nxc3 15. Bxc3 Qd8 16. b4 Bf6 17. e4 g6 18. Rac1 Bg5 19. Nxg5 Qxg5 20. Bd2 Qe7 21. Qb2 Qh4 22. f3 g5 23. g3 Qh5 24. Be3 Qg6 25. Bd3 Qf6 26. Kg2 Re8 27. Qd2 h6 28. e5 Qg7 29. f4 f6 30. exf6 Nxf6 31. fxg5 Nd5 32. gxh6 Nxe3+ 33. Qxe3 1-0

[Event "Mittelfranken-chTB2a 1617"]
[Site "Mittelfranken"]
[Date "2016.10.23"]
[Round "1.1"]
[White "Pfitzinger, Leonhard"]
[Black "Kocak, Ediz"]
[Result "1/2-1/2"]
[WhiteElo "1894"]
[BlackElo "1773"]
[PlyCount "107"]
[EventDate "2016.10.23"]
[EventType "team-tourn"]
[EventRounds "9"]
[EventCountry "GER"]
[SourceTitle "EXT 2022"]
[Source "ChessBase"]
[SourceDate "2021.10.06"]
[SourceVersion "1"]
[SourceVersionDate "2021.10.06"]
[SourceQuality "1"]
[WhiteTeam "Bad Windsheim/Ansbach"]
[BlackTeam "Nuernberg Sued SW IV"]
[WhiteTeamCountry "GER"]
[BlackTeamCountry "GER"]

1. d4 Nf6 2. c4 e6 3. Nc3 b6 4. Nf3 Bb7 5. e3 Be7 6. Bd3 d6 7. 0-0 Nbd7 8. b3 0-0 9. d5 e5 10. Ng5 h6 11. Nge4 Nxe4 12. Bxe4 f5 13. Bc2 Qe8 14. Nb5 Bd8 15. f4 a6 16. Nc3 Bc8 17. a4 a5 18. Ra2 e4 19. Nb5 Nc5 20. Bb2 Bd7 21. Nd4 Bf6 22. Ne2 Bxb2 23. Rxb2 Qh5 24. Qd2 Qf7 25. Nd4 Qf6 26. Bb1 Rae8 27. Qd1 Qf7 28. Rd2 Re7 29. Bc2 Rfe8 30. Kh1 Qf6 31. h3 Qh4 32. Kh2 Kh8 33. g3 Qf6 34. Rg2 g6 35. Rh1 Rg8 36. Kg1 Reg7 37. Rhh2 g5 38. Qf1 gxf4 39. Qxf4 Qg5 40. Qxg5 Rxg5 41. Kf2 Kg7 42. h4 Rg6 43. Ne2 Kf7 44. Nf4 R6g7 45. Rh1 Be8 46. Rhg1 Kf6 47. Ke2 Ke5 48. Kd2 Bf7 49. Kc3 Nd7 50. Bd1 Nf6 51. Kd2 Ng4 52. Ne2 Be8 53. Nd4 Bd7 54. Ne2 1/2-1/2

[Event "Mittelfranken-chTB2a 1516"]
[Site "Mittelfranken"]
[Date "2015.11.08"]
[Round "2.1"]
[White "Fuchs, Gerhard"]
[Black "Pfitzinger, Leonhard"]
[Result "0-1"]
[WhiteElo "2034"]
[BlackElo "1909"]
[PlyCount "114"]
[EventDate "2015.10.18"]
[EventType "team-tourn"]
[EventRounds "9"]
[EventCountry "GER"]
[SourceTitle "EXT 2020"]
[Source "ChessBase"]
[SourceDate "2019.10.17"]
[SourceVersion "1"]
[SourceVersionDate "2019.10.17"]
[SourceQuality "1"]
[WhiteTeam "Nuernberg SK 1911"]
[BlackTeam "Bad Windsheim/Ansbach"]
[WhiteTeamCountry "GER"]
[BlackTeamCountry "GER"]

1. c4 Nf6 2. g3 g6 3. Bg2 Bg7 4. Nf3 c5 5. 0-0 Nc6 6. Nc3 0-0 7. d3 d6 8. a3 Bd7 9. Rb1 a5 10. e3 Rb8 11. Re1 b6 12. b3 Qc8 13. Bb2 Bg4 14. Qd2 Rd8 15. Nd5 Nxd5 16. cxd5 Bxf3 17. Bxf3 Ne5 18. Bg2 Qa6 19. d4 Qd3 20. Rbd1 Qxd2 21. Rxd2 Nd7 22. Rc1 b5 23. Bf1 a4 24. b4 c4 25. Re1 Rbc8 26. Bc3 Nb6 27. e4 e6 28. dxe6 fxe6 29. Bh3 Re8 30. f4 Rcd8 31. Kf2 Kf7 32. Ke3 e5 33. Kf3 exf4 34. gxf4 Nd5 35. Rc1 Nxc3 36. Rxc3 d5 37. e5 Ke7 38. Kg3 Rf8 39. Rf2 Rf7 40. Rcf3 Rdf8 41. Bg2 Ke6 42. h4 h5 43. Bh3+ Ke7 44. Bf1 Bh6 45. Be2 Rc8 46. Bd1 c3 47. Bc2 Rg7 48. Bd3 Ke6 49. Rc2 Rf7 50. Bxg6 Rg8 51. Rcxc3 Rxg6+ 52. Kf2 Kf5 53. Rc5 Bxf4 54. Rxb5 Ke4 55. Rh3 Bxe5+ 56. Ke2 Rg2+ 57. Ke1 Bg3+ 0-1

[Event "Mittelfranken-chTB2a 0809"]
[Site "Mittelfranken"]
[Date "2009.01.11"]
[Round "4.8"]
[White "Wissmeier, Bernd"]
[Black "Pfitzinger, Leonhard"]
[Result "1/2-1/2"]
[WhiteElo "1948"]
[BlackElo "1974"]
[PlyCount "104"]
[EventDate "2008.10.12"]
[EventType "team"]
[EventRounds "9"]
[EventCountry "GER"]
[SourceTitle "EXT 2011"]
[Source "ChessBase"]
[SourceDate "2010.11.26"]
[SourceVersion "1"]
[SourceVersionDate "2010.11.26"]
[SourceQuality "1"]
[WhiteTeam "Nuernberg SK 1911"]
[BlackTeam "Bad Windsheim"]
[WhiteTeamCountry "GER"]
[BlackTeamCountry "GER"]

1. e4 e5 2. Nf3 Nc6 3. Bb5 a6 4. Bxc6 dxc6 5. 0-0 Bg4 6. h3 h5 7. d3 Bxf3 8. Qxf3 Qf6 9. Qxf6 Nxf6 10. Nd2 Bc5 11. Nc4 Nd7 12. Kh1 0-0-0 13. a4 f6 14. Bd2 Nf8 15. b4 Be7 16. Rfb1 Ne6 17. b5 cxb5 18. axb5 axb5 19. Rxb5 b6 20. Be3 Bc5 21. Bxc5 Nxc5 22. Ne3 Kd7 23. Nf5 g6 24. Ne3 Ra8 25. Rbb1 Kd6 26. Kg1 Ne6 27. f3 Kc5 28. Kf2 b5 29. Nd5 f5 30. exf5 Rxa1 31. Rxa1 Kxd5 32. fxe6 c6 33. Ra7 Re8 34. Rd7+ Kxe6 35. Rg7 Kf6 36. Rc7 Re6 37. Ke3 Rd6 38. c3 Kf5 39. g3 Re6 40. h4 Rd6 41. Rc8 Ke6 42. Ke4 Kd7 43. Rb8 Re6 44. g4 hxg4 45. fxg4 Kc7 46. Rg8 Kd6 47. h5 gxh5 48. gxh5 c5 49. Rg6 b4 50. cxb4 cxb4 51. d4 exd4+ 52. Rxe6+ Kxe6 1/2-1/2